[Event "Excelsior Cup"]
[Site "Gothenburg"]
[Date "2004.01.16"]
[Round "9"]
[White "Marin, Mihail"]
[Black "Hultin, Johan"]
[Result "1-0"]
[WhiteElo "2531"]
[BlackElo "2300"]
[Annotator "Gofshtein,L"]
[PlyCount "61"]
[EventDate "2004.01.06"]
[EventType "tourn"]
[EventRounds "9"]
[EventCountry "SWE"]
[EventCategory "9"]
[SourceTitle "CBM 099"]
[Source "ChessBase"]
[SourceDate "2004.03.30"]
[SourceVersion "1"]
[SourceVersionDate "2004.03.30"]
[SourceQuality "1"]

{[%mdl 4]} 1. c4 c6 2. e4 d5 3. exd5 cxd5 4. d4 Nf6 5. Nc3 e6 6. Nf3 Be7 {
Black's other option in this position is 6...Bb4} 7. cxd5 Nxd5 8. Bd3 O-O 9.
O-O Nc6 10. Re1 {A typical position with an isolated pawn came up. Usually
white tries to develop pressure on the kingside, black is hoping for the
endgame, where the weakness of the d4 pawn would be important} Bf6 11. Be4 Nce7
12. Qd3 g6 13. Bh6 Re8 14. Rad1 {In this position other moves were played as
well, for example:} (14. h4 $5 Qd6 15. Ne5 Bxh4 16. g3 Bf6 17. Qf3 $44 {
1-0 Sorensen,J-Smagin,S/Copenhagen 1993/EXT 97 (27)}) (14. Ne5 Nxc3 15. bxc3
Nf5 16. Bf4 $16 {1-0 Mellado Trivino,J-Rocabert Andreu,G/St Cugat 1997/EXT
2001 (38)}) 14... Bd7 (14... b6 15. Ne5 Bb7 (15... Bg7 16. Qf3 Rf8 17. Bxg7
Kxg7 18. h4 $36 {1/2-1/2 Bukal,V-Woller,R/St Ingbert 1995/EXT 97 (34)}) 16. Ng4
Bg7 17. Qd2 Rf8 18. Bxg7 Kxg7 19. Qh6+ Kg8 20. Rd3 $40 {1-0 Mochalov,
E-Andersson,F/Gothenburg 2001/EXT 2002 (34)}) 15. Bxd5 $5 {White prefers to
get a symetrical position (d4 against d5) with a slightly better chances
because he captures the e5 square. 15.Ne5 was also possible trying to put more
pressure} (15. Ne5 $5 Bc6 (15... Bg7 $6 16. Bxg7 Kxg7 17. Qf3 f6 18. Nd3 Bc6
19. Nc5 $36 {1/2-1/2 Kroencke,M-Grahl,A/Germany 1992/EXT 97-B (41)}) 16. Qf3
Nf5 17. Nxc6 bxc6 18. Nxd5 cxd5 19. Bxf5 exf5 20. Rxe8+ Qxe8 21. Qxd5 Rd8 $132
{1/2-1/2 Mellado Trivino,J-Izeta Txabarri,F/Las Palmas 1996/EXT 99 (29)}) 15...
Nxd5 16. Nxd5 exd5 17. Ne5 $14 Be6 18. h3 Rc8 19. Rd2 $5 {[%cal Rd2e2,Re2e8]
Trying to put pressure over the e-file} Re7 20. Qg3 Rec7 21. Rde2 Bh4 $6 {
It was essential to exchange the rooks by 21...Rc2} (21... Rc2 $5 22. Qb3 Rxe2
23. Rxe2 Qe7 $11) 22. Qf4 Rc2 $2 {Black misses white's beautiful combination.
It was still not too late to go back with the bishop 22...Be7} (22... Be7 $5)
23. Nxf7 $3 {[%mdl 576]} Bxf7 (23... Rxe2 24. Nxd8 Rxe1+ 25. Kh2 Be7 (25...
Rxd8 26. Qxh4 $18) 26. Qd2 Re4 27. Nxe6 Rxe6 28. Qa5 $18 {[%csl Ya5][%cal
Ra5a7,Ya5d5]}) 24. Re8+ $1 Qxe8 25. Rxe8+ Rxe8 26. Qxh4 $36 Rc6 {[%csl Rf6]
[%cal Yh4f6,Yf6g7]} 27. Bf4 $1 Rce6 28. Be5 {[%cal Yh4h6]} Rxe5 29. dxe5 Rxe5
30. Qd8+ Kg7 31. Qa5 $18 1-0

[Event "Nuremberg LGA Cup 5th"]
[Site "Nuremberg"]
[Date "2008.09.06"]
[Round "5"]
[White "Pribyl, Josef"]
[Black "Braun, Arik"]
[Result "0-1"]
[WhiteElo "2397"]
[BlackElo "2533"]
[Annotator "Gutman,L"]
[PlyCount "58"]
[EventDate "2008.09.04"]
[EventType "swiss"]
[EventRounds "7"]
[EventCountry "GER"]
[SourceTitle "CBM 126 Extra"]
[Source "ChessBase"]
[SourceDate "2008.11.05"]
[SourceVersion "1"]
[SourceVersionDate "2008.11.05"]
[SourceQuality "1"]

1. c4 c6 2. e4 d5 3. exd5 cxd5 4. d4 Nf6 5. Nc3 e6 6. Nf3 Bb4 7. cxd5 Nxd5 8.
Bd2 Nc6 9. Bd3 O-O 10. O-O Be7 11. Re1 Bf6 12. Be3 ({Relativ selten. Meistens
wird} 12. Nxd5 exd5 13. Ne5) ({oder nachhaltiger} 12. Ne4 {gespielt.}) 12...
Nxe3 13. fxe3 g6 14. a3 b6 15. Qe2 a6 $6 ({Etwas genauer erscheint} 15... Bb7
16. Rac1 ({oder} 16. Rad1 Bg7 {remis Khukhashvili-Javakhishvili, Georgien 2005}
) 16... Rc8 $11) 16. Rac1 Bb7 17. Be4 Rc8 18. Red1 Bg7 19. h4 $5 ({Um remis zu
ezwingen wäre} 19. Bd3 $11 {einfacher gewesen.}) 19... Qe7 20. h5 ({In Betacht
kommt} 20. Na4 {, um} Qd6 {mit} 21. h5 $11 {zu beantworten.}) 20... g5 $6 ({
Richtig war} 20... f5 21. Bb1 g5 {, was nach} 22. Ba2 g4 23. Ne1 Nd8 24. Qf2
Nf7 25. Nd3 Rfd8 26. Nf4 Rd6 {gleiche Chancen ergibt.}) 21. Na4 $2 ({Verpasst
die Möglichkeit durch} 21. d5 exd5 22. Bf5 Rb8 23. Nxd5 Qd8 24. Bb1 $16 {
Vorteil zu erreichen.}) 21... g4 22. Nxb6 $2 ({Zu wählen war zwischen} 22. Ne5
Nxe5 23. Bxb7 Rxc1 24. Rxc1 Qxb7 25. dxe5 Qb8 $15) ({und} 22. Nh2 {, von Braun
angegeben,} f5 23. Bxc6 Rxc6 24. Rxc6 Bxc6 25. Nxb6 Rb8 26. Nc4 Qg5 27. Ne5 Bb5
28. Qe1 Qxh5 29. b3 Qg5 $15 {, jeweils mit besseren Aussichten für Schwarz.})
22... gxf3 23. Qxf3 $2 (23. Qf2 {war angebracht, wenn auch nach} Rc7 24. Qg3
Kh8 25. Bxf3 Bh6 $17 {weiß kaum Kompenstion für die Figur hat.}) 23... Nxd4 24.
exd4 Rxc1 25. Rxc1 Bxd4+ 26. Kf1 Bxe4 27. Qg4+ Kh8 28. Qxe4 Qf6+ 29. Ke2 Bxb6
0-1

[Event "Enghien les Bains 3rd"]
[Site "Enghien les Bains"]
[Date "1999.03.05"]
[Round "3"]
[White "Bologan, Viktor"]
[Black "Salov, Valery"]
[Result "1-0"]
[WhiteElo "2608"]
[BlackElo "2670"]
[Annotator "Hansen,LB"]
[PlyCount "205"]
[EventDate "1999.03.03"]
[EventType "tourn"]
[EventRounds "9"]
[EventCountry "FRA"]
[EventCategory "15"]
[SourceTitle "CBM 070"]
[Source "ChessBase"]
[SourceDate "1999.06.08"]
[SourceVersion "1"]
[SourceVersionDate "1999.06.08"]
[SourceQuality "1"]

1. e4 c6 2. d4 d5 3. exd5 cxd5 4. c4 e6 5. Nf3 Nf6 6. Nc3 Be7 7. cxd5 Nxd5 8.
Bd3 Nc6 9. O-O O-O 10. Re1 Bf6 11. Be4 Nce7 (11... Qd6) 12. Qd3 {Black has two
alternatives here, 12.-, g6 or 12.-, h6, both of which I believe are better
than the text.} Ng6 $5 (12... g6) (12... h6 13. Ne5 Nxc3 14. Qxc3 Nf5 15. Be3 {
has been played in several games.}) 13. Qb5 $5 $146 {An interesting idea.
White ties up the Black queenside and prevents the development of Bc8.} (13.
Bd2 b6 14. h4 Bb7 15. h5 Ngf4 16. Qb1 Qc7 17. Bxh7+ Kh8 18. Be4 Nxh5 19. Bxd5
exd5 20. Ne5 g6 $14 {Kamsky,G-Epishin,V/Las Palmas/1994/}) 13... Nge7 (13... a6
14. Qb3) 14. Ne5 Qd6 15. Bd2 {White quietly develops, which is difficult for
Black.} g6 16. Bh6 Bg7 17. Bxg7 Kxg7 18. Rac1 Rd8 19. Qb3 Qb6 20. Qa3 Qb4 21.
Qxb4 Nxb4 22. a3 Nbc6 (22... Nbd5 23. Bxd5 $1 exd5 (23... Nxd5 $2 24. Nxd5 Rxd5
25. Rc7 $18) 24. Nb5 $16) 23. Nxc6 bxc6 24. Red1 Bd7 25. Na4 Be8 26. Nc5 $16 a5
27. f4 Rab8 28. Rd2 Nd5 29. g3 h6 30. h4 Rb6 31. Kf2 Kf6 32. Bf3 h5 {This
ending is very unpleasant for Black. The Be8 is bad and the pawns on a5 and c6
are much weaker than White's on b2 and d4.} 33. Be2 Rbb8 34. Ne4+ Ke7 35. Rc4
Ra8 36. Rc5 Rdb8 37. Rc1 Rb6 38. Nc5 Rab8 39. Na4 R6b7 40. Rcc2 Ra7 41. Nc5 Rd8
42. Bf3 Nc7 43. Ke3 Nb5 44. Rd3 Nd6 45. Be4 Rb8 46. Rdc3 Nb5 47. Rb3 $1 Raa8
48. a4 $1 Nd6 49. Rcc3 Kd8 50. Bd3 Bd7 51. Kd2 Rxb3 52. Rxb3 Bc8 53. Kc3 Kc7
54. Ra3 Rb8 55. Ra1 Rb4 56. Re1 Rb8 57. Re5 Rb4 58. b3 $16 {>< a5, c6, Bc8} Rb8
59. Ne4 Nxe4+ 60. Bxe4 Ra8 61. Rc5 Bd7 62. Bd3 Kd6 63. Bc4 Kc7 64. Re5 Kd6 65.
Bd3 Kc7 66. Rc5 Kd6 67. b4 $1 axb4+ 68. Kxb4 Rb8+ 69. Kc3 Ra8 70. a5 Kc7 71.
Be2 Rb8 72. Rc4 Rb1 73. Ra4 Rg1 (73... Kb8 74. Rb4+ Rxb4 75. Kxb4 $18) 74. a6
Bc8 75. a7 Bb7 76. a8=Q Bxa8 77. Rxa8 $16 Rxg3+ 78. Kc4 Kd7 79. Kc5 Rh3 80.
Ra7+ Ke8 81. f5 $1 Rxh4 (81... gxf5 82. Bxh5 $18) (81... exf5 82. Kxc6 Rxh4 83.
d5 $18) 82. fxg6 fxg6 83. Bf3 Kf8 84. Bxc6 Rf4 85. Ra1 Kf7 86. Re1 Rf5+ (86...
h4 87. Bd7 Rf6 88. Kd6 $18) 87. Kd6 Rf4 88. Be4 Kf6 (88... h4 89. Ke5 $18) 89.
Kc5 h4 90. Bc6 h3 (90... Rf5+ 91. Kd6 $18) 91. Bd7 $18 h2 92. Rxe6+ Kg5 93. Re1
Rf2 94. Bc6 Kf4 95. d5 Rc2+ 96. Kb6 Rd2 97. Kc7 g5 98. d6 g4 99. d7 Kg3 100.
d8=Q Rxd8 101. Kxd8 Kf2 102. Rh1 g3 103. Ke7 {A good positional game by
Bologan.} 1-0

[Event "Copenhagen BSF"]
[Site "Copenhagen"]
[Date "1995.??.??"]
[Round "11"]
[White "Nielsen, Peter Heine"]
[Black "Hoi, Carsten"]
[Result "1/2-1/2"]
[WhiteElo "2500"]
[BlackElo "2415"]
[Annotator "Hansen,LB"]
[PlyCount "72"]
[EventDate "1995.03.??"]
[EventType "tourn"]
[EventRounds "11"]
[EventCountry "DEN"]
[EventCategory "12"]
[SourceTitle "CBM 046"]
[Source "ChessBase"]
[SourceDate "1995.06.01"]
[SourceVersion "1"]
[SourceVersionDate "1995.06.01"]
[SourceQuality "1"]

1. d4 Nf6 2. c4 e6 3. Nc3 d5 4. cxd5 Nxd5 $5 5. Nf3 c5 6. e3 (6. e4) 6... Nc6
7. Bd3 cxd4 8. exd4 Be7 9. O-O O-O 10. Re1 Bf6 11. Be4 Nce7 {A very solid line.
} 12. Ne5 Bd7 13. Qd3 g6 (13... Ng6 $5 14. Bd2 Bc6 15. Nxc6 bxc6 16. Na4 Nb6
17. Nxb6 Qxb6 18. Be3 Rad8 19. Red1 Qxb2 20. Rdb1 Rxd4 $1 21. Bxd4 Qxd4 22. Qc2
Qc3 $10 {Ivanchuk,V-Karpov,A/Roquebrune rapid/1992/}) (13... h6 $6 14. Qg3 Bc6
15. Ng4 h5 16. Qh3 g6 17. Nxf6+ Nxf6 18. Bxc6 bxc6 19. Bg5 Nh7 20. Bh6 Re8 21.
Rxe6 $1 Qc8 22. Re3 Qxh3 23. Rxh3 Nf5 24. Bd2 Nxd4 25. Rd1 $16 {Illescas
Cordoba,M-Bass,L/Leon/1990/}) 14. Bh6 Bg7 15. Bxg7 Kxg7 16. Bxd5 (16. Nxd5 exd5
17. Bf3 Be6 18. Qb5 Qb6 19. Qxb6 axb6 20. Bd1 Nc6 21. Nxc6 bxc6 22. a3 c5 23.
Bf3 Ra4 24. Rad1 Rd8 25. Re3 Rxd4 26. Rxd4 cxd4 27. Rd3 Rc8 28. Rxd4 Rc1+ 29.
Rd1 {1/2-1/2;Hansen,C-Illescas Cordoba,M/Groningen PCA/1993/}) 16... exd5 17.
Re2 Be6 $146 (17... f6 18. Nxd7 Qxd7 19. Rae1 Nc6 20. g3 Rf7 21. Na4 b6 22. Nc3
Rd8 23. Kg2 Qf5 24. Rd2 Qd7 25. h3 Re7 26. Rxe7+ Nxe7 {1/2-1/2;Topalov,
V-Vyzmanavin,A/Groningen PCA/1993/}) 18. Rae1 Nf5 19. Nf3 Rc8 20. Qd2 h6 21. h3
Rc4 $5 22. b3 Rc8 23. Na4 b6 24. Rc1 Rxc1+ 25. Qxc1 Qf6 26. Qd2 Rc8 $10 27. Nc3
Nd6 28. Re5 Rd8 $1 29. Qd3 Bf5 30. Qe3 Be4 31. Nxd5 Bxd5 32. Rxd5 Nf5 33. Qe4
Qc6 $1 34. Re5 Qc1+ 35. Kh2 Qb2 36. Qe2 (36. Rxf5 $5) 36... Qxe2 (36... Qxe2
37. Rxe2 Nxd4 38. Nxd4 Rxd4 $10) 1/2-1/2

[Event "Malmo"]
[Site "Malmo"]
[Date "1993.??.??"]
[Round "4"]
[White "Rogers, Ian"]
[Black "Hansen, Lars Bo"]
[Result "1/2-1/2"]
[WhiteElo "2575"]
[BlackElo "2545"]
[Annotator "Hansen,LB"]
[PlyCount "50"]
[EventDate "1993.06.??"]
[EventType "tourn"]
[EventRounds "9"]
[EventCountry "SWE"]
[EventCategory "11"]
[SourceTitle "CBM 036"]
[Source "ChessBase"]
[SourceDate "1993.10.01"]
[SourceVersion "1"]
[SourceVersionDate "1993.10.01"]
[SourceQuality "1"]

1. e4 c6 2. d4 d5 3. exd5 cxd5 4. c4 Nf6 5. Nc3 e6 6. Nf3 Be7 7. cxd5 Nxd5 8.
Bd3 Nc6 9. O-O O-O 10. Re1 Bf6 11. Be4 Qd6 $5 {A solid alternative to the more
common 11..Nce7.} 12. Ng5 $5 $146 (12. Nb5 Qb8 13. g3 Bd7 $1 14. Nc3 Nce7 15.
Bxd5 Nxd5 16. Nxd5 exd5 17. Bg5 Bxg5 18. Nxg5 Qd8 19. Nf3 Qb6 20. Qd2 Rfe8 21.
Ne5 Bh3 22. Re3 f6 23. Rb3 Qa6 24. Nd3 g5 $1 25. f3 Re7 26. Nf2 $6 Re2 27. Qb4
Rc8 $3 {0-1;Beliavsky,A-Portisch,L/Reggio/1986/}) (12. Bc2 Nxc3 (12... Nce7 13.
Qd3 Ng6 14. Ne4 Qb6 15. Nxf6+ Nxf6 16. Bg5 Nd5 17. Bb3 Bd7 18. Ne5 Bb5 19. Qg3
Qxd4 $6 20. Rad1 Qb4 $2 21. Nxg6 hxg6 22. Bxd5 exd5 23. Be7 $16 {Cabrilo,
G-Savon,V/Belgrade GMA-op/1988/}) 13. bxc3 g6 14. Bh6 Bg7 15. Qd2 Rd8 16. Rad1
Bd7 17. Re4 Bxh6 18. Qxh6 Qf8 19. Qg5 Rac8 $13 {Polgar,Zso/Benko,P/Aruba(8)/
1992/}) (12. h4 Bd7 13. Bg5 Bxg5 14. hxg5 $1 Nf4 15. g3 Ng6 16. Kg2 $1 Nce7 17.
Rh1 Bc6 18. Qg1 $1 $16 {Schulz,K-Meduna,E/Porz/1988/}) (12. a3 a6 13. Bc2 Nxc3
14. bxc3 g6 15. a4 Rd8 16. Ng5 Bg7 17. Ne4 Qc7 18. Bg5 $16 {Polgar,J-Benko,P/
Aruba(4)/1992/}) 12... Bxg5 $6 (12... h6 $5 13. Nh7 Rd8 $13) (12... g6 $1 13.
Nxh7 Kxh7 14. Nxd5 exd5 15. Qh5+ Kg8 16. Bxg6 fxg6 17. Qxg6+ $10) 13. Bxg5 Bd7
14. Qd2 (14. Qf3 $5 Nce7 (14... Nxd4 $6 15. Qh3 $1 f5 $2 16. Bxd5 exd5 17. Be7
$16) 15. Bxe7 Nxe7 16. Bxb7 Rab8 $44) (14. Qd3 $1 f5 (14... h6 $5) 15. Bxd5
exd5 16. Nb5 $1 Qg6 (16... Qb8 $6 17. Be7 $1 $16) 17. Bf4 $14) 14... Nce7 $1 $8
15. Bxe7 Nxe7 16. Bxb7 Rab8 17. Be4 Rfd8 18. Rad1 Bc6 $44 {X b2;d4} 19. Qc2 h6
20. h3 (20. Re3 $5 Rb4 $44) 20... Qb4 $1 $10 21. Bxc6 Nxc6 22. d5 $1 exd5 23.
Nxd5 Rxd5 $1 (23... Qxb2 $4 24. Ne7+ $1 $18) 24. Qxc6 Rxd1 25. Rxd1 Qxb2
1/2-1/2

[Event "Linares-03"]
[Site "Linares"]
[Date "1981.01.31"]
[Round "11"]
[White "Kavalek, Lubomir"]
[Black "Ribli, Zoltan"]
[Result "1/2-1/2"]
[WhiteElo "2550"]
[BlackElo "2585"]
[Annotator "Kharitonov,A"]
[PlyCount "22"]
[EventDate "1981.01.17"]
[EventType "tourn"]
[EventRounds "11"]
[EventCountry "ESP"]
[EventCategory "13"]
[SourceTitle "MCL"]
[Source "ChessBase"]
[SourceDate "1999.07.01"]
[SourceVersion "1"]
[SourceVersionDate "1999.07.01"]
[SourceQuality "1"]

1. c4 c5 2. Nf3 Nf6 3. Nc3 e6 4. e3 Nc6 5. d4 d5 6. cxd5 (6. a3 Ne4 7. Qc2 Nxc3
8. bxc3 Be7 9. Bb2 O-O 10. Bd3 h6 11. O-O Na5 $1 12. Nd2 dxc4 13. Nxc4 Nxc4 14.
Bxc4 b6 $10 {Petrosian,T-Fisher,R/Buenos Aires(m/8)/1971/0:1 (40)/}) 6... Nxd5
(6... exd5 $5 7. Be2 cxd4 8. Nxd4 Bd6 9. O-O O-O $13) 7. Bd3 (7. Bc4 cxd4 8.
exd4 Be7 9. O-O O-O 10. Re1 a6 11. Bb3 $5 Nxc3 12. bxc3 b5 13. Qd3 Ra7 14. Bc2
g6 15. Bh6 Re8 16. Qe3 Rd7 17. h4 $40 {Sokolov,A-Karpov,A/Linares(m/1)/1987/0.
5 (35)/}) 7... Be7 8. O-O O-O 9. Re1 (9. Nxd5 Qxd5 10. e4 Qd8 $6 (10... Qh5
$142 11. dxc5 Rd8 $13) 11. dxc5 Bxc5 12. e5 Be7 13. Qe2 Nb4 14. Bb1 Bd7 15. a3
Nd5 16. Qe4 $40 {Kasparov,G-Begun,S/Minsk/1978/1:0 (24)/}) 9... b6 (9... cxd4
10. exd4 Bf6 11. Be4 Nce7 12. Ne5 $13) 10. a3 (10. Nxd5 Qxd5 (10... exd5 11. b3
$14) 11. e4 Qh5 12. d5 Ne5 13. Be2 Nxf3+ 14. Bxf3 Qe5 $13) 10... Bb7 (10...
cxd4 11. exd4 Nf6 (11... Bb7 12. Nxd5 $5 Qxd5 13. Be4 Qh5 14. Bf4 $14)) 11.
Nxd5 Qxd5 (11... exd5 $5 $10) (11... Qxd5 12. e4 Qh5 13. d5 Ne5 $13) 1/2-1/2

[Event "RUS-Cup2"]
[Site "Moscow"]
[Date "1996.??.??"]
[Round "8"]
[White "Malaniuk, Vladimir P"]
[Black "Shipov, Sergei"]
[Result "1-0"]
[WhiteElo "2610"]
[BlackElo "2535"]
[Annotator "Kharitonov,A"]
[PlyCount "56"]
[EventDate "1996.11.28"]
[EventType "swiss"]
[EventRounds "9"]
[EventCountry "RUS"]
[SourceTitle "CBM 056 Extra"]
[Source "ChessBase"]
[SourceDate "1997.03.01"]
[SourceVersion "1"]
[SourceVersionDate "1997.03.01"]
[SourceQuality "1"]

1. Nf3 Nf6 2. c4 c5 3. Nc3 e6 4. e3 Be7 5. d4 cxd4 6. exd4 d5 7. cxd5 Nxd5 8.
Bd3 O-O 9. O-O Nc6 10. Re1 Ncb4 $6 11. Bb1 Nf6 12. a3 (12. Bg5 $5 b6 13. Ne5
Bb7 14. Re3 $1 g6 15. Rg3 Rc8 $2 (15... Nc6 16. Bh6 Qxd4 $1 17. Qxd4 Nxd4 18.
Bxf8 Kxf8 $14 {Keene,R/}) 16. Bh6 Re8 17. a3 Nc6 18. Nxg6 $1 hxg6 19. Bxg6 fxg6
20. Qb1 $18 {Keene,R-Miles,A/Hastings/1975/1|0/26/}) 12... Nbd5 13. Ne5 (13.
Qd3 $5 b6 14. Nxd5 Qxd5 15. Bg5 g6 16. Ba2 Qd6 17. d5 $1 $16 {Yagupov,I-Bombin,
J/Ubeda/1996/1|0/30/}) 13... Bd7 14. Qd3 Bc6 15. Bg5 $5 {N/} (15. Qh3 $5 Re8 (
15... Qd6 16. Bg5 g6 17. Ba2 Rfd8 18. Rad1 Be8 19. Rd3 $16 {Kavalek,
L-Pritchett,C/Haifa/1976/1|0/29/}) 16. Bg5 g6 17. Ba2 Nh5 18. Bh6 $14 {
Polugaevsky,L-Sahovic,D/Belgrade/1969/0,5/42/}) 15... g6 16. Ba2 Qd6 17. Nxc6
$6 (17. Qh3 $5) 17... bxc6 18. Qf3 Nxc3 $2 (18... Rab8 $5 19. Na4 (19. Bxd5 $5
Nxd5 20. Ne4 Qd8 21. Bxe7 Qxe7 22. b4 $14) 19... Rfc8 20. Bh4 Nh5 $1 21. Bxe7
Nxe7 $13) 19. bxc3 Nd5 20. Bh6 Rfd8 21. c4 Nf6 22. Be3 $16 Rac8 23. Bb3 Ne8 $2
(23... Qd7 24. Red1 $22 a5 25. Bf4 $16) 24. d5 $1 cxd5 25. Bf4 Qc5 26. cxd5
exd5 27. Rac1 $18 Qxa3 28. Rxc8 Rxc8 (28... Rxc8 29. Qxd5 Nd6 30. Rxe7 $18) 1-0

[Event "RUS-Cup2"]
[Site "Moscow"]
[Date "1996.??.??"]
[Round "3"]
[White "Fedorov, Vladislav"]
[Black "Izmukhambetov, Salauat"]
[Result "1-0"]
[WhiteElo "2430"]
[BlackElo "2530"]
[Annotator "Kharitonov,A"]
[PlyCount "69"]
[EventDate "1996.11.28"]
[EventType "swiss"]
[EventRounds "9"]
[EventCountry "RUS"]
[SourceTitle "CBM 056 Extra"]
[Source "ChessBase"]
[SourceDate "1997.03.01"]
[SourceVersion "1"]
[SourceVersionDate "1997.03.01"]
[SourceQuality "1"]

1. e4 c6 2. d4 d5 3. exd5 cxd5 4. c4 Nf6 5. Nc3 e6 6. Nf3 Be7 7. cxd5 Nxd5 8.
Bd3 Nc6 9. O-O O-O 10. Re1 Bf6 11. Be4 Nce7 12. Qb3 (12. Qd3 h6 13. Ne5 (13.
Bd2 Bd7 14. Bxd5 $1 exd5 15. Bf4 Be6 16. Be5 Nf5 17. Bxf6 Qxf6 18. Rac1 $14 {
Yagupov,I-Legky,N/Javoronki/1995/0.5/47/}) 13... Nxc3 14. Qxc3 Nf5 15. Be3 a5
16. Rac1 a4 17. Red1 Nxe3 18. Qxe3 $14 {Topalov,V-Karpov,E/Linares/1995/0:1/54/
}) (12. Ne5 Bd7 13. Qh5 g6 14. Qh3 Bc6 15. Bh6 Bg7 16. Bg5 (16. Rad1 Rc8 17.
Bb1 Nxc3 18. bxc3 Bd5 19. Rc1 b5 20. Ng4 Nf5 21. Bxg7 Kxg7 $10 {Velimirovic,
D-Matulovic,M/JUG(ch)/1995/}) 16... Qa5 17. Qh4 Nf5 18. Bxf5 exf5 19. Nc4 $14 {
Uhlmann,W-Bednarski,J/Decin/1977/1:0/42/}) 12... b6 (12... Qb6 $5 13. Bxd5 Nxd5
14. Nxd5 exd5 15. Qxb6 (15. Qxd5 Bg4) 15... axb6 16. Bd2 Bg4 {Himmel,H-Podgaec,
M/Dortmund op/1993/0.5/}) 13. Bxd5 (13. Bf4 $5) 13... Nxd5 (13... exd5 14. Bf4
(14. Bg5 Bxg5 15. Nxg5 Bg4 {/\h6/}) 14... Bg4 15. Ne5 Be6 16. Rac1 $14) 14.
Nxd5 exd5 {N/} (14... Qxd5 15. Qxd5 exd5 16. Bg5 Bxg5 17. Nxg5 f6 18. Nf3 $14 {
Sveshnikov,E-Epishin,V/Biel/1993/0.5/57/}) 15. Bf4 $14 Be6 $6 (15... Bg4 $5 16.
Ne5 Be6 17. Rac1 Bxe5 $5 18. Bxe5 Rc8 $14) 16. Rac1 Rc8 17. h3 $6 (17. Rxc8 $5
Qxc8 (17... Bxc8 18. Rc1 Bg4 19. Ne5 Bxe5 20. Bxe5 $16) 18. Bg5 Bxg5 19. Nxg5
$16) 17... Qe7 18. Qb5 Qb7 19. Bg5 $1 Rxc1 20. Rxc1 Bxg5 21. Nxg5 Rc8 22. Re1 (
22. Rxc8+ Qxc8 23. Nf3 f6 $132) 22... Qc7 23. g3 (23. Nxe6 fxe6 24. Rxe6 Qc1+
25. Qf1 (25. Kh2 $2 Qf4+ $19) 25... Qxb2 26. Qe2 $10) (23. Qd3 Qc2 24. Qe3 Qxb2
$1 25. Nxe6 Re8 $1) (23. Nf3 $5 Qc4 24. Qxc4 Rxc4 25. Re2 Rc1+ 26. Kh2 Rd1 27.
Rd2 $14) 23... Qc4 24. Qxc4 Rxc4 25. Nxe6 fxe6 26. Rxe6 Rxd4 (26... Rc2 27. Re7
a5 $10) 27. Re2 Kf7 $10 28. Kg2 Kf6 29. h4 b5 $6 (29... Rc4 $10) 30. Kf3 Rd3+
$6 31. Kf4 h6 $6 (31... Rd4+ 32. Ke3 Rc4 $10) 32. Rc2 Rd4+ $2 (32... g5+ 33.
hxg5+ hxg5+ 34. Kg4 Rd4+ 35. f4 gxf4 36. gxf4 Rc4 37. Rh2 $14) 33. Ke3 $16 Rc4
$2 (33... Re4+ 34. Kd3) 34. Rxc4 $18 dxc4 (34... bxc4 35. Kd4 Ke6 36. h5 a5 37.
a4 Kd6 38. g4 Ke6 39. f4 Kd6 40. f5 Kc6 41. g5 hxg5 42. f6 gxf6 43. h6 $18) 35.
Kd4 (35. Kd4 Ke6 (35... Kf5 36. f3 $18) 36. Kc5 a6 37. a3 (37. Kb6 $2 b4 $19)
37... Ke5 38. Kb6 $18) 1-0

[Event "Kerteminde"]
[Site "Kerteminde"]
[Date "1991.??.??"]
[Round "6"]
[White "Mortensen, Erling"]
[Black "Van der Sterren, Paul"]
[Result "0-1"]
[WhiteElo "2450"]
[BlackElo "2475"]
[Annotator "King,D"]
[PlyCount "72"]
[EventDate "1991.02.??"]
[EventType "tourn"]
[EventRounds "9"]
[EventCountry "DEN"]
[EventCategory "10"]
[SourceTitle "CBM 023"]
[Source "ChessBase"]
[SourceDate "1991.08.01"]
[SourceVersion "1"]
[SourceVersionDate "1991.08.01"]
[SourceQuality "1"]

1. e4 c6 2. d4 d5 3. exd5 cxd5 4. c4 Nf6 5. Nc3 e6 6. Nf3 Bb4 7. cxd5 Nxd5 8.
Qb3 Nc6 9. Bd3 O-O 10. O-O Be7 11. a3 Bf6 12. Rd1 h6 13. Bb1 (13. Be4 $1 $14)
13... Nce7 14. Qc2 $5 Ng6 15. Ne5 Bxe5 16. dxe5 b6 17. Nxd5 exd5 18. Be3 Re8
19. f4 Bg4 20. Rd4 Rc8 21. Qd2 Ne7 22. h3 Be6 23. g4 Nc6 24. f5 Nxe5 25. Qg2
Bd7 26. g5 hxg5 27. Ba2 Bxf5 28. Bxd5 Rc2 29. Qg3 Qc7 30. Rf1 Be6 31. Be4 Nd7
32. Rd6 Re2 33. Rfd1 Bb3 34. R1d4 Nf6 35. Qf3 Nxe4 36. Rd7 Qh2+ 0-1